Poľnohospodárska politika a informácie v procese ekonomickej a politickej globalizácie

Potreba dôsledného štúdia agrárneho rezortu v jeho väzbe na sociálno-ekonomické prostredie, v ktorom sa poľnohospodárska výroba realizuje. Poľnohospodárska stratégia sa musí opierať o mapovanie a objektívne poznanie potenciálu agropotravinárskej výroby v konfrontácii s reálnymi potravinovými nárokmi...

Ausführliche Beschreibung

Gespeichert in:
Bibliographische Detailangaben
1. Verfasser: Kabát, Ladislav
Format: Buchkapitel
Sprache:Slowakisch
Schlagworte:
Tags: Tag hinzufügen
Keine Tags, Fügen Sie das erste Tag hinzu!

MARC

LEADER 00000naa a2200000 4500
001 r042242
005 20230929064850.3
041 0 |a slo 
044 |a SK 
245 1 0 |a Poľnohospodárska politika a informácie v procese ekonomickej a politickej globalizácie  |c Ladislav Kabát 
520 |a Potreba dôsledného štúdia agrárneho rezortu v jeho väzbe na sociálno-ekonomické prostredie, v ktorom sa poľnohospodárska výroba realizuje. Poľnohospodárska stratégia sa musí opierať o mapovanie a objektívne poznanie potenciálu agropotravinárskej výroby v konfrontácii s reálnymi potravinovými nárokmi obyvateľstva a poznaním dôchodkovej situácie obyvateľstva. 
610 2 0 |a politika poľnohospodárska 
610 2 0 |a informácie 
610 2 0 |a globalizácia 
610 2 0 |a globalizácia hospodárstva 
610 2 0 |a potreby spoločenské 
610 2 0 |a potraviny 
610 2 0 |a spotreba potravín 
610 2 0 |a dôchodky 
610 2 0 |a Svetová obchodná organizácia 
100 1 |a Kabát, Ladislav